00996nam a22002537a 4500003000900000008004100009020001800050040007100068082002000139245013000159260009300289300002900382440003500411500004200446650003500488650002000523650003100543650002900574650001600603650001200619650001700631700004800648700004600696AR-CdUCM190504b ||||| |||| 00| 0 spa d a9786124464003 aMUNICIPALIDAD PROVINCIAL DEL CUSCOcBIBLIOTECA MUNICIPAL DEL CUSCO a306.43/J10bJ10 aJusticia y educación : saberes y prácticas inclusivas en América y Europa /cMarianella Ledesma Narváez, coordinadora aLima :bTribunal Constitucional del Perú,bCentro de Estudios Constitucionales,c2019. a649 páginas. :c24 cm. aColección Derecho y Sociedad zIncluye referencias bibliográficas. aSociología de la educación aJusticia social aIgualdad en la educación aDemocracia y educación aEducación aEnsayos aConferencias aLedesma Narváez, Marianellaecoordinadora aRamos Núñez, Carlos Augustoedirector